<?xml version="1.0" encoding="UTF-8"?>
<marc:record xmlns:marc="http://www.loc.gov/MARC21/slim">
   <marc:leader>00000nam a2200000 a 4500</marc:leader>
   <marc:datafield ind1="1" ind2=" " tag="100">
      <marc:subfield code="a">Naqvi, Husain M.</marc:subfield>
      <marc:subfield code="4">aut</marc:subfield>
      <marc:subfield code="e">Verfasser/-in</marc:subfield>
   </marc:datafield>
   <marc:datafield ind1="1" ind2=" " tag="100">
      <marc:subfield code="a">Smandek, Beate</marc:subfield>
      <marc:subfield code="4">trl</marc:subfield>
      <marc:subfield code="e">Übersetzer/-in</marc:subfield>
   </marc:datafield>
   <marc:datafield ind1="1" ind2=" " tag="100">
      <marc:subfield code="a">Naqvi, Husain M.</marc:subfield>
   </marc:datafield>
   <marc:datafield ind1=" " ind2=" " tag="653">
      <marc:subfield code="a">Elfter September</marc:subfield>
   </marc:datafield>
   <marc:datafield ind1=" " ind2=" " tag="653">
      <marc:subfield code="a">Sicherheitspolitik</marc:subfield>
   </marc:datafield>
   <marc:datafield ind1=" " ind2=" " tag="653">
      <marc:subfield code="a">Falsche Verdächtigung</marc:subfield>
   </marc:datafield>
   <marc:datafield ind1=" " ind2=" " tag="653">
      <marc:subfield code="a">Pakistanischer Einwanderer</marc:subfield>
   </marc:datafield>
   <marc:datafield ind1=" " ind2=" " tag="653">
      <marc:subfield code="a">Terrorist</marc:subfield>
   </marc:datafield>
   <marc:datafield ind1=" " ind2=" " tag="653">
      <marc:subfield code="a">Fiktionale Darstellung</marc:subfield>
   </marc:datafield>
   <marc:datafield ind1=" " ind2=" " tag="653">
      <marc:subfield code="a">Belletristische Darstellung</marc:subfield>
   </marc:datafield>
   <marc:datafield ind1="0" ind2="0" tag="245">
      <marc:subfield code="a">Home Boy</marc:subfield>
   </marc:datafield>
   <marc:datafield ind1="0" ind2="0" tag="245">
      <marc:subfield code="b">Roman</marc:subfield>
   </marc:datafield>
   <marc:datafield ind1="0" ind2="0" tag="245">
      <marc:subfield code="c">H. M. Naqvi. Aus dem amerikan. Engl. von Beate Smandek</marc:subfield>
   </marc:datafield>
   <marc:datafield ind1=" " ind2="1" tag="264">
      <marc:subfield code="a">Köln</marc:subfield>
      <marc:subfield code="b">Kiepenheuer &amp; Witsch</marc:subfield>
      <marc:subfield code="c">2010</marc:subfield>
   </marc:datafield>
   <marc:datafield ind1="1" ind2=" " tag="490">
      <marc:subfield code="a">KiWi</marc:subfield>
      <marc:subfield code="v">1174</marc:subfield>
   </marc:datafield>
   <marc:datafield ind1=" " ind2=" " tag="250">
      <marc:subfield code="a">1. Aufl.</marc:subfield>
   </marc:datafield>
   <marc:datafield ind1="1" ind2=" " tag="520">
      <marc:subfield code="a">Angaben aus der Verlagsmeldung

Home Boy : Roman / von H M Naqvi

"Ein kluges, zu Herzen gehendes Debüt, das Entwicklungs-, Abenteuer- und New-York-Roman in einem ist." New York Times

AC, Jimbo und Chuck - drei junge Pakistanis erobern New York City. Mit den Fingern stets am Puls der großen Weltdialektik, genießen sie alle Freiheiten, die ihnen die Stadt der unbegrenzten Möglichkeiten bietet - bis ihre Welt durch ein erschütterndes Ereignis aus den Fugen gerät.
Voller Herzblut, mit schnellen Dialogen, Wortwitz und Ironie erzählt "Home Boy" vom ausschweifenden Leben dreier "Metrostanis" in New York City, aber auch, wie der
11. September ihrem Traum vom freien Amerika ein plötzliches Ende bereitet. Als das wachsende Ressentiment unter den New Yorkern gegen alles vermeintlich Muslimische in offene Aggression umschlägt, geschieht das Unvermeidliche: Auf der Suche nach einem vermissten Freund, der auf dem Land ein gatsbyhaftes Leben führt, geraten die drei unter Terrorverdacht, werden verhaftet, nach einem 48-Stunden-Verhör aber wieder entlassen. Dennoch sitzen Schock und Verunsicherung tief. Für Chuck, den Ich-Erzähler, beginnt eine schwere, aber immer von Optimismus geleitete Suche nach Identität, einer neuen inneren Heimat. Sein Weg dorthin wird vom Slam-Poeten H.M. Naqvi in eine herrlich wilde Geschichte über das Erwachsenwerden verpackt, die ergreifend und komisch zugleich ist.
</marc:subfield>
   </marc:datafield>
   <marc:datafield ind1=" " ind2=" " tag="020">
      <marc:subfield code="a">9783462042474</marc:subfield>
      <marc:subfield code="9">9783462042474</marc:subfield>
   </marc:datafield>
   <marc:datafield ind1=" " ind2=" " tag="041">
      <marc:subfield code="a">ger</marc:subfield>
   </marc:datafield>
   <marc:datafield ind1=" " ind2=" " tag="300">
      <marc:subfield code="a">317 S.</marc:subfield>
   </marc:datafield>
</marc:record>
